Statystyki dla Kraje z dzikimi żyrafami

Kliknij tutaj aby rozwiązać quiz!

Ogólne statystyki

  • Ten quiz został rozwiązany 97 razy
  • Średni wynik to 14 z 17

Statystyki odpowiedzi

Część AfrykiKraj% Poprawnych
Afryka PoludniowaRepublika Południowej Afryki
98%
Afryka WschodniaKenia
97%
Afryka WschodniaTanzania
91%
Afryka WschodniaZambia
88%
Afryka ZachodniaNiger
86%
Afryka ZachodniaNigeria
86%
Afryka WschodniaMozambik
85%
Afryka ŚrodkowaCzad
84%
Afryka WschodniaEtiopia
84%
Afryka WschodniaZimbabwe
83%
Afryka WschodniaUganda
80%
Afryka PoludniowaBotswana
79%
Afryka PoludniowaNamibia
78%
Afryka ŚrodkowaRepublika Środkowoafrykańska
78%
Afryka WschodniaSudan Południowy
77%
Afryka ŚrodkowaKamerun
76%
Afryka ŚrodkowaDemkoratyczna Republika Konga
65%

Rozkład punktacji

Percentyl według liczby udzielonych odpowiedzi

Procent ludzi z każdym wynikiem

Twoja historia wyników

Nie rozwiązałeś tego quizu